000 00536nam a2200229Ia 4500
003 OSt
005 20140311163104.0
008 140130s9999 xx 000 0 und d
020 _a0439104726
050 _aPZ 7
_b.W46843Yo 1999
100 _aWells, Rosemary
_930275
245 _aYoko /
_cWells, Rosemary
260 _bScholastic,
_c1999.
_aNew York :
300 _bcol. ill. ;
_c24 cm.
440 _v1
_931174
521 _aG2
526 _c470
942 _cBK
_2lcc
999 _c40454
_d40454